Every Song by Knocked Loose - Statistics

General Stats
  • This quiz has been taken 14 times
  • The average score is 19 of 51
Answer Stats
Album Song % Correct
You Won't Go Before You're Supposed To(2024) Suffocate
92%
You Won't Go Before You're Supposed To(2024) Blinding Faith
83%
Laugh Tracks(2016) Counting Worms
83%
Upon Loss Singles(2023) Deep in the Willow
83%
Laugh Tracks(2016) Billy No Mates
67%
You Won't Go Before You're Supposed To(2024) Moss Covers All
67%
Laugh Tracks(2016) Oblivions Peak
67%
You Won't Go Before You're Supposed To(2024) Slaughterhouse 2
67%
Laugh Tracks(2016) Deadringer
58%
You Won't Go Before You're Supposed To(2024) Don't Reach for Me
58%
Upon Loss Singles(2023) Everything Is Quiet Now
58%
A Tear in the Fabric of Life(2021) God Knows
58%
A Different Shade of Blue(2019) Mistakes like Fractures
58%
You Won't Go Before You're Supposed To(2024) Sit & Mourn
58%
You Won't Go Before You're Supposed To(2024) Thirst
58%
A Different Shade of Blue(2019) A Serpent's Touch
50%
Laugh Tracks(2016) Laugh Tracks
50%
You Won't Go Before You're Supposed To(2024) The Calm That Keeps You Awake
50%
Pop Culture(2014) All My Friends
42%
A Different Shade of Blue(2019) Belleville
42%
2013 Demo's(2014) Manipulator
42%
Pop Culture(2014) Manipulator II
42%
You Won't Go Before You're Supposed To(2024) Piece by Piece
42%
Laugh Tracks(2016) A Fetish
33%
A Different Shade of Blue(2019) ...And Still I Wander South
33%
Laugh Tracks(2016) My Heroes
33%
Pop Culture(2014) Separate
33%
You Won't Go Before You're Supposed To(2024) Take Me Home
33%
Pop Culture(2014) The Gospel
33%
A Tear in the Fabric of Life(2021) Where Light Divides The Holler
33%
A Tear in the Fabric of Life(2021) Permanent
25%
Laugh Tracks(2016) The Rain
25%
A Different Shade of Blue(2019) Trapped in the Grasp of a Memory
25%
Laugh Tracks(2016) Blood Will Have Blood
17%
A Different Shade of Blue(2019) By the Grave
17%
A Different Shade of Blue(2019) Forget Your Name
17%
A Different Shade of Blue(2019) In the Walls
17%
Laugh Tracks(2016) Last Words
17%
Laugh Tracks(2016) No Thanks
17%
A Different Shade of Blue(2019) Road 23
17%
Pop Culture(2014) Small Victories
17%
Knocked Loose/Damaged Goods(2015) Burnt Toast
8%
A Tear in the Fabric of Life(2021) Contorted in the Faille
8%
Knocked Loose/Damaged Goods(2015) Damned Earth
8%
A Different Shade of Blue(2019) Denied by Fate
8%
Knocked Loose/Damaged Goods(2015) D.T.A.H.
8%
A Tear in the Fabric of Life(2021) Forced to Stay
8%
A Different Shade of Blue(2019) Guided by the Moon
8%
A Different Shade of Blue(2019) Misguided Son
8%
A Tear in the Fabric of Life(2021) Return to Passion
8%
2013 Demo's(2014) The Have Nots
0%
No matching quizzes found
Score Distribution
Percent of People with Each Score
Percentile by Number Answered
Your Score History
You have not taken this quiz